000 00493nam a22001577a 4500
005 20251113173654.0
008 251113b |||||||| |||| 00| 0 eng d
020 _a9780131278271
050 _aTK7870
_b.F52
100 _aFloyd, Thomas L.
245 _aElectronic Devices
_cThomas L. Floyd
250 _a7th ed.
_binternational edition
260 _aUpper Saddle River, New Jersey
_bPearson/Prentice Hall
_c2005
300 _axviii. 973p.
_bill. some color
_c27.5cm
942 _2lcc
_cBK
_e7th ed.
_n0
999 _c8252
_d8252